000 00301pam a2200133 a 4500
020 _c
041 _h
082 _a741.235
_bEVA
100 _aMargaret Evans .
245 _aPastels Unleashed
_hTextual Documents
260 _a[s.l]:
_bSearch Press,
_c2014.
300 _a144:
_bpaper.
930 _a7982
999 _c241772
_d241772